Statistiques concernant Littérature commençant par la lettre F

Cliquez ici pour prendre le quiz!

Statistiques générales

  • Ce quiz a été pris 1 150 fois
    (1 141 depuis la dernière actualisation)
  • Le résultat moyen est 11 sur 20

Statistiques - réponses

IndicesRéponses% Correct
Elle tint un journal intime qui ne l'est plus du tout aujourd'huiAnne Frank
99%
Elle sont du mal chez BaudelaireFleurs
96%
Fondateur de la psychanalyse, il a écrit des ouvrages pour exposer le fruit de ses recherchesSigmund Freud
93%
Le docteur March en a quatreFilles
89%
Monstre doué de parole créé par Mary Shelley et maintes fois utilisés dans des films, souvent d'épouvanteCréature de Frankenstein
83%
Grande blonde originaire du village d'Astérix dont Obélix tombe amoureuxFalbala
81%
Ses derniers mots furent:« Cette pute de Bovary va vivre et moi je vais mourir comme un chien. »Gustave Flaubert
72%
Reporter acolyte de SpirouFantasio
68%
Frère de George WeasleyFred Weasley
62%
La suite du Barbier de Séville comporte son nomFigaro
61%
Prix Nobel de la littérature dont même le nom précise sa nationalitéAnatole France
59%
Mère de CosetteFantine
59%
Professeur de sortilèges et chef de la maison Serdaigle à PoudlardFilius Flitwick
45%
Ministre de la Magie dans l'univers Harry PotterCornélius Fudge
40%
Manga mettant entre autre en scène Natsu Dragnir, Lucy Heartfilia et Happy, tout trois membres d'une guildeFairy Tail
37%
Ennemi de Balthazar Picsou, il vit également à Donaldville et est le troisième canard le plus riche du mondeCrésus Flairsou
14%
Identité secrète de Donald Duck que seul Géo Trouvetout connait et qui lui permet de combattre le crime dans DonaldvilleFantomiald
9%
Criminel insaisissable et pire ennemi de Mickey MouseLe Fantôme noir
6%
Auteur du Magicien d'OzLyman Frank Baum
6%
Comtesse dont Raphaël de Valentin est tombé amoureux et pour qui il a dépensé ses dernières économiesFœdora
3%

Distribution des résultats

Percentile par nombre de réponses

% des personnes avec chaque résultat

Votre développement - résultats

Vous n’avez pas pris ce quiz depuis la dernière actualisation